Central Library OPAC University of Rajshahi

Health for college students / (Record no. 60726)

MARC details
000 -LEADER
fixed length control field 00800nam a2200277 a 4500
001 - CONTROL NUMBER
control field 60726
003 - CONTROL NUMBER IDENTIFIER
rucl marc code BD-RjUL
005 - DATE AND TIME OF LATEST TRANSACTION
control field 20211209080857.0
008 - FIXED-LENGTH DATA ELEMENTS--GENERAL INFORMATION
fixed length control field 170102s1963 njua 001 0 eng
035 ## - SYSTEM CONTROL NUMBER
System control number (BD-RjUL)60850
System control number (OCoLC)626340
040 ## - CATALOGING SOURCE
Original cataloging agency DLC
Transcribing agency ODaWU
Modifying agency OCoLC
-- DLC
Language of cataloging eng
041 ## - LANGUAGE CODE
Language code of text/sound track or separate title eng
060 ## - NATIONAL LIBRARY OF MEDICINE CALL NUMBER
Classification number QT180
Item number .H628h 1963
082 ## - DEWEY DECIMAL CLASSIFICATION NUMBER
Classification number 613
Edition number 23
Author mark and year HIH 1963
100 1# - MAIN ENTRY--PERSONAL NAME
Personal name Hickman, Cleveland P.
Fuller form of name (Cleveland Pendleton),
Dates associated with a name 1896-1978.
9 (RLIN) 180929
245 10 - TITLE STATEMENT
Title Health for college students /
Statement of responsibility, etc. Cleveland P. Hickman
250 ## - EDITION STATEMENT
Edition statement 2nd ed.
260 ## - PUBLICATION, DISTRIBUTION, ETC. (IMPRINT)
Place of publication, distribution, etc. Englewood Cliffs, N.J. :
Name of publisher, distributor, etc. Prentice-Hall,
Date of publication, distribution, etc. c1963
300 ## - PHYSICAL DESCRIPTION
Pagination 528 p. :
Illustrations ill. ;
Size 25 cm.
500 ## - GENERAL NOTE
General note Includes index
650 #0 - SUBJECT ADDED ENTRY--TOPICAL TERM
Topical term or geographic name as entry element Health
9 (RLIN) 180930
Topical term or geographic name as entry element Hygiene.
9 (RLIN) 180931
942 ## - ADDED ENTRY ELEMENTS (KOHA)
Source of classification or shelving scheme Dewey Decimal Classification
Koha item type Books
Holdings
Lost status Source of classification or shelving scheme Damaged status Not for loan Collection code Permanent Location Current Location Shelving location Date acquired Source of acquisition Cost, normal purchase price Total Checkouts Full call number Date last seen Copy number Koha item type
  Dewey Decimal Classification   Not For Loan Non-fiction Central Library, University of Rajshahi Central Library, University of Rajshahi Reading Room 20/10/1970 Zeitlinger 74.00   613 HIH 1963 02/01/2017 C-1 Books